000 01152cam a2200133 4500500
005 20260329023142.0
041 _afre
042 _adc
100 1 0 _aHugon, Philippe
_eauthor
245 0 0 _aGéopolitique de l'Afrique
260 _bArmand Colin,
_c2016.
520 _aContinent de la croissance et des crises, l’Afrique contrastée et plurielle est devenue un acteur géopolitique majeur des relations internationales. Après un tableau de l’histoire précoloniale et coloniale, la nouvelle édition de cet ouvrage analyse, à l’échelle du continent, mais en insistant sur la diversité des situations et des acteurs qui s’y côtoient, ses champs économiques, sociopolitiques et culturels. Elle explique enfin les défis actuels et futurs majeurs : démographie, environnement, alimentation, développement durable, insécurité, notamment dans l’arc saharo-sahélien. Cette synthèse de l’Afrique peut satisfaire aux attentes d’un large public, de lycéens et d’étudiants en classes préparatoires ou IEP.
856 4 1 _uhttps://shs.cairn.info/geopolitique-de-l-afrique--9782200613464?lang=fr&redirect-ssocas=7080
999 _c1925105
_d1925105